000 00330nam a2200145Ia 4500
008 150201s2013 xx 000 0 und d
082 _a616.01
_bM13B
100 _aBAVEJA , C. P
245 _aTB. OF MICROBIOLOGY
250 _a4TH
260 _bARYA
_aDELHI
_c2013
300 _a1-652
650 _aMICROBIOLOGY
942 _2ddc
_cBK
999 _c1426
_d1426